000
00254nam a2200109Ia 4500
008
200302s9999 xx 000 0 und d
100
_a
Mariella Gardella
245
_a
Capri Style
260
_b
Images Publishing, Austraila
260
_c
2006
300
_a
170
999
_c
4607
_d
4607